Ευτό το παραμύτι που είπα ήτο του... : Λαϊκά παραμύθια του Αρχάγγελου Ρόδου ; λαογραφική καταγραφή της προφορικής παράδοσης
Saved in:
| Main Author: | |
|---|---|
| Format: | Book |
| Language: | Greek |
| Published: |
Αθήνα :
Λογότυπο,
c2021.
|
| Series: | (Λαογραφία / Λογότυπο)
|
| Subjects: | |
| Tags: |
Add Tag
No Tags, Be the first to tag this record!
|
MARC
| LEADER | 00000cam a2200000 a 4500 | ||
|---|---|---|---|
| 001 | 1/124310 | ||
| 008 | 220203s2021####gr | ||| |||| ||gre|| | ||
| 020 | |a 9786188467699 |q (τ.1) | ||
| 020 | |a 9786188572430 |q (τ.2) | ||
| 040 | |a GR-MyUa |b gre |c GR-MyUa |e AACR2 | ||
| 041 | 0 | |a gre | |
| 082 | 7 | |a 398.09495 |2 (23) | |
| 100 | 1 | |a Κόζα, Χρυσάνθη. | |
| 245 | 1 | 0 | |a Ευτό το παραμύτι που είπα ήτο του... : |b Λαϊκά παραμύθια του Αρχάγγελου Ρόδου ; λαογραφική καταγραφή της προφορικής παράδοσης / |c Χρυσάνθη Κόζα ; προλογίζει η Μαριάνθη Καπλάνογλου. |
| 260 | |a Αθήνα : |b Λογότυπο, |c c2021. | ||
| 300 | |a 2 τ. ; |c 22 εκ. | ||
| 490 | 0 | |a (Λαογραφία / Λογότυπο) | |
| 504 | |a Περιλαμβάνουν βιβλιογραφικές παραπομπές. | ||
| 650 | 0 | |a Folk literature, Greek | |
| 650 | 0 | |a Fairy tales |z Greece |z Dodecanese Islands. | |
| 852 | |a INST |b RHODES |e 20220203 |h 398.09495 ΚΟΖ |p 005400042568 |q 005400042568 |t BK |v τομ.1: |y 0 | ||
| 852 | |a INST |b RHODES |e 20220203 |h 398.09495 ΚΟΖ |p 005400042569 |q 005400042569 |t BK |v τομ.2: |y 0 | ||
| 853 | |a INST |b RHODES |h 398.09495 ΚΟΖ | ||
| 920 | |a Δωρεά Βιβλιοθήκης |y Ρόδος |z 2022-02 | ||
| 970 | |z 03-02-2022 | ||